365 juegos de todo el mundo: jugar para construir un mundo mejor

Gespeichert in:
Bibliographische Detailangaben
1. Verfasser: Velásquez Callado, Carlos (VerfasserIn)
Format: Buch
Sprache:Spanisch
Veröffentlicht: Barcelona Océano 2006
Schlagworte:
Tags: Tag hinzufügen
Keine Tags, Fügen Sie den ersten Tag hinzu!

MARC

LEADER 00000nam a2200000 a 4500
001 UCG2214
003 CL-VaPUC
008 100624e20060000SP |||||||||||||||||spa|d
020 |a 8475563961 
082 0 4 |a 7  |b VEL  |2 21 
100 0 |a Velásquez Callado, Carlos  |e author  |9 550604 
245 1 0 |a 365 juegos de todo el mundo: jugar para construir un mundo mejor 
300 |a 372 p 
942 |c BK 
945 |d 20100624 00:00:00  |a dcastane 
260 |a Barcelona  |b Océano  |c 2006 
650 0 |a Juegos infantiles  |9 307365 
583 |a last modification  |c 20100624 00:00:00  |k Rodrigo Vera 
999 |c 341443  |d 341441 
952 |0 0  |1 0  |4 0  |6 7_000000000000000_VEL_2006  |7 0  |8 C  |9 436950  |a BIBCUR  |b BIBCUR  |d 2019-11-22  |i 4671023  |l 1  |o 7 VEL 2006  |p 4671023  |r 2025-04-22  |s 2023-07-11  |w 2019-11-22  |y BK  |k INF